000 00337nam a2200145Ia 4500
005 20251222144734.0
008 251222s9999||||xx |||||||||||||| ||spa||
020 _a84-345-8003-9
082 _a813.5/P73N
100 _aPoe, Edgar Allan
245 0 _aNarraciones Extraordinarias
250 _a2a.ed.
264 _bSalvat
942 _cLIB
999 _c18716
_d18716